000 01934nam a2200253Ia 4500
008 260220t1965||||xx |||||||||||||| ||spa||
040 _aPY-SlUNAC
_bspa
_erda
041 _aspa
082 _a621.91
_bH744m
100 _aHoltrop, William F.
_eAutor
245 0 _aMáquinas modernas para trabajar madera /
_cpor William F. Holtrop [Autor] y Herman Hjorth [Autor]
264 _aBuenos Aires :
_bHispanoamericana,
_c℗1965.
300 _a1 volumen
520 _aEl libro "Máquinas modernas para trabajar madera" de William F. Holtrop ofrece un análisis exhaustivo sobre las herramientas y técnicas contemporáneas en la industria de la carpintería. A lo largo de sus capítulos, el autor detalla el funcionamiento, la aplicación y el mantenimiento de diversas máquinas utilizadas en la transformación de la madera, abarcando tanto equipos eléctricos como mecánicos. Holtrop también aborda aspectos fundamentales de la seguridad y la ergonomía en el uso de estas herramientas, promoviendo prácticas que optimizan la productividad y minimizan riesgos laborales. Además, el texto incluye ilustraciones y diagramas que facilitan la comprensión de los conceptos técnicos, lo que lo convierte en una referencia valiosa para estudiantes, profesionales y aficionados al trabajo en madera. La obra destaca la importancia de la innovación tecnológica en el sector, enfatizando cómo estas máquinas modernas no solo mejoran la calidad del producto final, sino también la eficiencia en los procesos de producción. En conjunto, el libro es un recurso indispensable para quienes buscan profundizar en el arte y la ciencia de la carpintería.
653 _aMadera
653 _aMáquinas
653 _aTecnología
700 _aHjorth, Herman
_eAutor
942 _b2026/02/17
_cBK
999 _c8585
_d8585